000 00883nam a2200265Ia 4500
003 OSt
005 20221005041949.0
006 a|||||r|||| 00| 0
007 ta
008 221004b |||||||| |||| 00| 0 eng d
020 _a8188808075
_c795
024 _a83090
037 _b583/I, 30/03/2005, Eastern Book Linkers
_cTextual
040 _aCRL
_cCRL
_beng
041 _2eng
_aeng
082 _aR65,O, P4
100 _aHume Robert Ernest
245 0 _aThirteen principal Upanishads
_b Translated from the Sanskrit with an outline of the philosophy of the Upanishads and an annoted bibliography
260 _aDelhi
_bShivalik Prakashan India
_c2004
300 _a584p.
_ccm.
650 _a PHILOSOPHY
650 _aUPANISHAD
_925750
942 _hR65,O, P4
_cTEXL
_2cc
999 _c949394
_d949394